000
00190 a2200097 4500
001
1857
100
_a
Barnes
245
_a
Work Dampling
260
_a
_b
Barness,R.M.
_c
090
_c
1361
_d
1361
942
_a
NUST-CAE
_c
M
_c
4014
999
_c
236930
_d
236930